Missing Word: 'B' Names II Quiz Stats

 Plays Quiz Updated Oct 5, 2016

Challenge
Share
Tweet
Embed
Score 0/20 Timer 04:00
1 Play Today
Name Answer % Correct
_____ Gates Bill
98.8%
_____ StillerBen
98.6%
Sandra _____Bullock
97.8%
_____ WillisBruce
95.9%
Alec _____Baldwin
93.6%
Marlon _____Brando
92.3%
_____ AldrinBuzz
89.6%
Napoleon _____Bonaparte
86.5%
_____ MarsBruno
81.2%
_____ GeorgeBoy
77.8%
Name Answer % Correct
_____ T. WashingtonBooker
73.3%
_____ LivelyBlake
73%
P.T. _____Barnum
69.8%
Benjamin _____Button
69.3%
Gerard _____Butler
65.7%
Francis _____Bacon
49.5%
_____ MurphyBrittany
49%
Count _____Basie
48.3%
_____ LestrangeBellatrix
44.7%
______ SummersBuffy
33.4%

Today's Daily Dose

You're not logged in!

Compare scores with friends on all Sporcle quizzes.
Join for Free
OR
Log In

You Might Also Like...

Show Comments

Extras

Top Quizzes Today


Score Distribution

Your Account Isn't Verified!

In order to create a playlist on Sporcle, you need to verify the email address you used during registration. Go to your Sporcle Settings to finish the process.

Report this User

Report this user for behavior that violates our Community Guidelines.

Details: